000 00863nas a2200253 454500
001 15965
005 20260407193505.0
008 260407s1973####ag###########|||spa#d
003 AR-UNSa-BCEJYS
040 _aAR-UNSa-BCEJYS
_bspa
_cAR-UNSa-BCEJYS
080 _a311.3
_xOrganización general de las estadisticas. Estadística oficial
245 1 0 _aBoletin estadístico trimestral
022 _a0325-1969
264 1 _aBuenos Aires :
_bINDEC
_c1973
310 _aFrecuencia: Trimestral
942 _cSER
590 _aniveau_biblio:s niveau_hierar:1
100 1 _aInstituto Nacional de Estadística y Censos (INDEC)
650 _aCondiciones económicas
650 _aTrabajo
650 _aEmpleo
650 _aDatos estadísticos
856 4 1 _uhttps://biblioeco.unsa.edu.ar/pmb/images/revistas/Boletin estad?stico trimestral.jpg
_yImagen de portada
_qimage/jpeg
999 _c8482
_d8482